000 00311nam a22001337a 4500
041 _aENG
100 _aSingh .S
245 _aSeleetian We And Mainten and of Pesticide Applicatian Equipmen
260 _aDelhi
_bIndia Council
_c2000
300 _a57
650 _aFMP
700 _aKandoria.J.L
856 _uFMP
999 _c458
_d458